[Event "St Petersburg Amir Cup Blitz"]
[Site "St Petersburg"]
[Date "2021.05.23"]
[Round "9"]
[White "Kretov, Evgenij"]
[Black "Golovchenko, Gleb"]
[Result "1-0"]
[WhiteElo "2269"]
[BlackElo "2260"]
[PlyCount "47"]
[EventDate "2021.05.23"]
[EventType "swiss (blitz)"]
[EventRounds "11"]
[EventCountry "RUS"]
[SourceTitle "CBM 202 Extra"]
[Source "ChessBase"]
[SourceDate "2021.07.31"]
[SourceVersion "1"]
[SourceVersionDate "2021.07.31"]
[SourceQuality "1"]

1. d4 d5 2. c4 e5 3. dxe5 d4 4. Nf3 Nc6 5. g3 Bg4 6. Bg2 Qd7 7. 0-0 0-0-0 8. Qb3 h5 9. h4 Bc5 10. Nbd2 Nh6 11. Ne4 Be7 12. Bf4 Bh3 13. e6 Bxe6 14. Ne5 Qe8 15. Nxc6 bxc6 16. Qa4 c5 17. Qa6+ Kd7 18. Nd2 Bd6 19. Bc6+ Ke7 20. Bxe8 Rhxe8 21. Bxd6+ Rxd6 22. Qxa7 Rc6 23. Nb3 Bxc4 24. Na5 1-0

[Event "World Corporate East A"]
[Site "Chess.com INT"]
[Date "2021.02.20"]
[Round "5.2"]
[White "Bottino, Alexiei"]
[Black "Golovchenko, Gleb"]
[Result "0-1"]
[WhiteElo "2008"]
[BlackElo "2260"]
[PlyCount "68"]
[EventDate "2021.02.19"]
[EventType "team (rapid)"]
[EventRounds "7"]
[EventCountry "USA"]
[SourceTitle "EXT 2022"]
[Source "ChessBase"]
[SourceDate "2021.10.06"]
[SourceVersion "1"]
[SourceVersionDate "2021.10.06"]
[SourceQuality "1"]
[WhiteTeam "Amazon"]
[BlackTeam "Pulkovo RIVC"]
[WhiteTeamCountry "GER"]
[BlackTeamCountry "RUS"]

1. e4 c5 2. Nc3 Nc6 3. Bb5 d6 4. Bxc6+ bxc6 5. d3 g6 6. f4 Bg7 7. Nf3 Nf6 8. 0-0 0-0 9. h3 Ba6 10. Re1 Rb8 11. Rb1 c4 12. d4 Qc7 13. Be3 Nd7 14. e5 Nb6 15. Qd2 Nd5 16. Nxd5 cxd5 17. c3 Rb6 18. exd6 exd6 19. f5 Bc8 20. g4 gxf5 21. Bh6 f6 22. Kh1 fxg4 23. hxg4 Bxh6 24. Qxh6 Qg7 25. Qxg7+ Kxg7 26. Re7+ Rf7 27. Rxf7+ Kxf7 28. g5 Bf5 29. Rf1 Be4 30. Kg2 Rxb2+ 31. Kg3 f5 32. Nh4 Ke6 33. g6 hxg6 34. Nxg6 Rg2+ 0-1

[Event "St Petersburg Autumn op"]
[Site "St Petersburg"]
[Date "2005.11.02"]
[Round "5"]
[White "Romanov, Vasily"]
[Black "Golovchenko, Gleb"]
[Result "0-1"]
[WhiteElo "1920"]
[BlackElo "2340"]
[PlyCount "108"]
[EventDate "2005.10.29"]
[EventType "swiss"]
[EventRounds "9"]
[EventCountry "RUS"]
[SourceTitle "EXT 2006"]
[Source "ChessBase"]
[SourceDate "2005.11.24"]
[SourceVersion "1"]
[SourceVersionDate "2005.11.24"]
[SourceQuality "1"]

1. e4 e5 2. Nf3 Nc6 3. Bb5 a6 4. Ba4 Nf6 5. 0-0 Be7 6. Re1 b5 7. Bb3 Bb7 8. d4 Nxd4 9. Bxf7+ Kf8 10. Bd5 c6 11. Nxe5 cxd5 12. Qxd4 dxe4 13. Qd1 Rc8 14. c3 d5 15. Ng4 d4 16. Nxf6 Bxf6 17. cxd4 Qxd4 18. Nc3 Qxd1 19. Rxd1 b4 20. Na4 Ke7 21. Be3 Bc6 22. Nb6 Rcd8 23. Bc5+ Ke6 24. Bxb4 Bxb2 25. Rab1 Bd4 26. Bd2 Bb5 27. Be3 Bxe3 28. fxe3 Rd3 29. a4 Rxd1+ 30. Rxd1 Bd3 31. Rc1 Rd8 32. Kf2 Rf8+ 33. Kg3 Kd6 34. Nc8+ Ke6 35. Nb6 Rf7 36. Rc6+ Ke5 37. Rc5+ Kd6 38. Rc1 Rb7 39. a5 Rf7 40. Nc8+ Ke6 41. Nb6 Bb5 42. Rc8 h6 43. h3 Rf1 44. Rc7 g5 45. Rh7 Re1 46. Rxh6+ Ke5 47. Rg6 Kf5 48. Rd6 Rxe3+ 49. Kf2 Ra3 50. g4+ Ke5 51. Rg6 e3+ 52. Kg2 e2 53. Kf2 Ra1 54. Rxg5+ Ke4 0-1

[Event "St Petersburg Autumn op"]
[Site "St Petersburg"]
[Date "2005.10.30"]
[Round "2"]
[White "Golovchenko, Gleb"]
[Black "Kulikov, Evgeny"]
[Result "1-0"]
[WhiteElo "2340"]
[BlackElo "2248"]
[PlyCount "105"]
[EventDate "2005.10.29"]
[EventType "swiss"]
[EventRounds "9"]
[EventCountry "RUS"]
[SourceTitle "EXT 2006"]
[Source "ChessBase"]
[SourceDate "2005.11.24"]
[SourceVersion "1"]
[SourceVersionDate "2005.11.24"]
[SourceQuality "1"]

1. d4 Nf6 2. c4 d6 3. Nc3 e5 4. d5 Bf5 5. g3 h5 6. Nf3 Be7 7. Bg2 Na6 8. a3 Nc5 9. b4 Nce4 10. Nxe4 Bxe4 11. h4 b5 12. Bg5 bxc4 13. Bxf6 Bxf6 14. Rc1 c6 15. dxc6 Bxc6 16. Rxc4 Rc8 17. 0-0 0-0 18. Bh3 Bd7 19. Rxc8 Qxc8 20. Bxd7 Qxd7 21. e4 Rc8 22. Qd3 Qc6 23. Rd1 Qc3 24. Kg2 Be7 25. Qb5 Kf8 26. Rd3 Qc2 27. Nd2 g6 28. Qd5 Qc6 29. Qb3 Qc2 30. Qd5 Qc6 31. Nf1 Qxd5 32. Rxd5 Rc7 33. Ne3 f6 34. Ra5 Kf7 35. Ra6 Ke6 36. Nd5 Rb7 37. a4 f5 38. f3 Bd8 39. Rc6 Kd7 40. b5 Rb8 41. Ra6 Rb7 42. Kf2 Ke6 43. Ke2 g5 44. hxg5 Bxg5 45. a5 fxe4 46. fxe4 Bd8 47. b6 axb6 48. Ra8 bxa5 49. Rxd8 Rb2+ 50. Kf3 Rb3+ 51. Kg2 a4 52. Ra8 a3 53. Ra7 1-0

[Event "Pardubice op-A"]
[Site "Pardubice"]
[Date "2005.07.27"]
[Round "6"]
[White "Golovchenko, Gleb"]
[Black "Biros, Robert"]
[Result "1/2-1/2"]
[WhiteElo "2307"]
[BlackElo "2200"]
[PlyCount "152"]
[EventDate "2005.07.22"]
[EventType "swiss"]
[EventRounds "9"]
[EventCountry "CZE"]
[SourceTitle "CBM 107 Extra"]
[Source "ChessBase"]
[SourceDate "2005.09.01"]
[SourceVersion "1"]
[SourceVersionDate "2005.09.01"]
[SourceQuality "1"]

1. d4 d5 2. c4 e6 3. Nf3 c6 4. e3 f5 5. Bd3 Nf6 6. Nbd2 Bd6 7. b3 0-0 8. Bb2 Bd7 9. Ne5 Ne4 10. 0-0 Be8 11. f3 Bh5 12. Be2 Nxd2 13. Qxd2 Nd7 14. a4 Qe7 15. Nxd7 Qxd7 16. b4 f4 17. b5 fxe3 18. Qxe3 Bf4 19. Qf2 Qd8 20. Bd3 Qg5 21. Kh1 Rf6 22. Bc1 Raf8 23. Bxf4 Rxf4 24. Rae1 Qf6 25. Re5 Bg6 26. Bxg6 Qxg6 27. bxc6 bxc6 28. cxd5 cxd5 29. Qd2 R4f5 30. Re2 Qe8 31. a5 Rh5 32. f4 Rhf5 33. g3 Qc6 34. Rc1 Qa6 35. Rc5 Rc8 36. Rxc8+ Qxc8 37. Qe3 Rf6 38. Kg2 Qc7 39. Qa3 Qc4 40. Rd2 Rf7 41. Qc5 Qxc5 42. dxc5 Rb7 43. Rc2 Kf7 44. Kf3 Ke7 45. Ke3 Rb3+ 46. Kd4 Rb4+ 47. Kd3 Kd7 48. c6+ Kc7 49. Rc5 g6 50. Kc3 a6 51. Kd3 Rb5 52. Rc2 Rxa5 53. Kd4 Ra4+ 54. Ke5 Re4+ 55. Kf6 d4 56. Kg7 d3 57. Rd2 Re2 58. Rxd3 Rxh2 59. Ra3 Kxc6 60. Rxa6+ Kd5 61. Kf6 Rh3 62. g4 Ke4 63. Ra4+ Kf3 64. Kxe6 Rh4 65. f5 gxf5 66. Kxf5 h5 67. Ra3+ Kf2 68. Ra2+ Ke3 69. Ra3+ Kf2 70. g5 Rh1 71. g6 h4 72. Ra4 h3 73. Rg4 Ra1 74. g7 Ra8 75. Rh4 Rg8 76. Rxh3 Rxg7 1/2-1/2

[Event "St Petersburg White Nights op"]
[Site "St Petersburg"]
[Date "2005.06.26"]
[Round "9"]
[White "Golovchenko, Gleb"]
[Black "Sivokho, Sergey V"]
[Result "1-0"]
[WhiteElo "2293"]
[BlackElo "2475"]
[PlyCount "113"]
[EventDate "2005.06.18"]
[EventType "swiss"]
[EventRounds "9"]
[EventCountry "RUS"]
[SourceTitle "CBM 106 Extra"]
[Source "ChessBase"]
[SourceDate "2005.07.01"]
[SourceVersion "1"]
[SourceVersionDate "2005.07.01"]
[SourceQuality "1"]

1. e4 e5 2. Nf3 Nc6 3. Bb5 a6 4. Ba4 Nf6 5. 0-0 b5 6. Bb3 Bb7 7. Re1 Bc5 8. c3 d6 9. d4 Bb6 10. Be3 0-0 11. Nbd2 h6 12. h3 Re8 13. d5 Ne7 14. Bxb6 cxb6 15. a4 bxa4 16. Bxa4 b5 17. Bc2 Ng6 18. Bd3 Rb8 19. c4 Bc8 20. Bf1 Qb6 21. cxb5 axb5 22. Re3 Bd7 23. Rea3 Rec8 24. b4 Rb7 25. Qe1 Nf4 26. Ra6 Qc7 27. Qe3 g5 28. Nxe5 dxe5 29. Rxf6 Kg7 30. Rfa6 Qc2 31. R6a2 Qc3 32. Ra7 Rxa7 33. Rxa7 Be8 34. Qxc3 Rxc3 35. d6 Bc6 36. Rc7 Rc2 37. Bxb5 Rxd2 38. Rxc6 Rd4 39. Bc4 Kf6 40. b5 Rxe4 41. Rc7 Ne6 42. b6 Nd8 43. Rc8 Nb7 44. Bd5 Re1+ 45. Kh2 Nxd6 46. b7 Nxb7 47. Bxb7 Rd1 48. Be4 Rd4 49. Rc6+ Kg7 50. f3 h5 51. Kg3 Rd2 52. h4 gxh4+ 53. Kh3 Rd4 54. Rc8 Rd2 55. Rc5 Re2 56. Rxe5 Kh6 57. Rd5 1-0

[Event "St Petersburg White Nights op"]
[Site "St Petersburg"]
[Date "2005.06.25"]
[Round "8"]
[White "Karasev, Vladimir I"]
[Black "Golovchenko, Gleb"]
[Result "0-1"]
[WhiteElo "2396"]
[BlackElo "2293"]
[PlyCount "108"]
[EventDate "2005.06.18"]
[EventType "swiss"]
[EventRounds "9"]
[EventCountry "RUS"]
[SourceTitle "CBM 106 Extra"]
[Source "ChessBase"]
[SourceDate "2005.07.01"]
[SourceVersion "1"]
[SourceVersionDate "2005.07.01"]
[SourceQuality "1"]

1. c4 e5 2. Nc3 d6 3. g3 Nc6 4. Bg2 g6 5. Rb1 Bg7 6. b4 a6 7. e3 Nf6 8. d3 0-0 9. Nge2 Rb8 10. a4 a5 11. b5 Ne7 12. 0-0 Be6 13. h3 Qd7 14. Kh2 d5 15. Ba3 Rfd8 16. b6 c6 17. Bxe7 Qxe7 18. cxd5 Nxd5 19. Nxd5 Bxd5 20. Bxd5 Rxd5 21. e4 Rd7 22. Qd2 Qc5 23. Kg2 Rbd8 24. Rb3 Qc4 25. dxc4 Rxd2 26. Nc1 Bf8 27. Rb1 Bb4 28. Nb3 Ra2 29. Rfd1 Rxd1 30. Rxd1 Rb2 31. Rd8+ Kg7 32. Nc1 Bc3 33. c5 Bd4 34. Nd3 Rb3 35. Nc1 Rb2 36. Nd3 Rd2 37. Nxe5 Rxf2+ 38. Kg1 Bxc5 39. Nd3 Rd2+ 40. Kf1 Bxb6 41. Rd7 Be3 42. e5 Kf8 43. Ke1 Ke8 44. Rd6 b5 45. e6 f6 46. Rxc6 Rxd3 47. Ke2 Rb3 48. axb5 Bd4 49. Rd6 Be5 50. Rb6 Ke7 51. g4 g5 52. Rb7+ Kxe6 53. Rxh7 Rxb5 54. Ra7 Kd5 0-1

[Event "St Petersburg White Nights op"]
[Site "St Petersburg"]
[Date "2005.06.23"]
[Round "6"]
[White "Golovchenko, Gleb"]
[Black "Smirnov, Artem"]
[Result "1-0"]
[WhiteElo "2293"]
[BlackElo "2413"]
[PlyCount "79"]
[EventDate "2005.06.18"]
[EventType "swiss"]
[EventRounds "9"]
[EventCountry "RUS"]
[SourceTitle "CBM 106 Extra"]
[Source "ChessBase"]
[SourceDate "2005.07.01"]
[SourceVersion "1"]
[SourceVersionDate "2005.07.01"]
[SourceQuality "1"]

1. d4 Nf6 2. c4 e6 3. Nc3 Bb4 4. f3 c5 5. d5 b5 6. e4 bxc4 7. Bg5 exd5 8. e5 Qe7 9. Qe2 h6 10. exf6 Bxc3+ 11. bxc3 Qxe2+ 12. Nxe2 hxg5 13. fxg7 Rg8 14. h4 Nc6 15. hxg5 Rxg7 16. Nf4 Rxg5 17. 0-0-0 d4 18. Bxc4 Bb7 19. Rde1+ Kf8 20. Rh7 Rf5 21. Nh5 Ne7 22. f4 Rxh5 23. Rxf7+ Kg8 24. Rf5+ Bd5 25. Rxh5 Bxc4 26. Rxe7 Bxa2 27. cxd4 cxd4 28. Rxd7 a5 29. Rxd4 a4 30. Kb2 Bb3 31. Ka3 Rc8 32. Rd7 Rc3 33. Rg5+ Kf8 34. Ra7 Re3 35. g3 Bd1+ 36. Kb4 Rb3+ 37. Kc4 Be2+ 38. Kd4 Rb4+ 39. Ke3 Bd1 40. Rd5 1-0

[Event "St Petersburg Chigorin CC-ch"]
[Site "St Petersburg"]
[Date "2005.05.19"]
[Round "4"]
[White "Golovchenko, Gleb"]
[Black "Lychik, Robert Ivanovich"]
[Result "1-0"]
[WhiteElo "2293"]
[BlackElo "2050"]
[PlyCount "59"]
[EventDate "2005.05.16"]
[EventType "swiss"]
[EventRounds "9"]
[EventCountry "RUS"]
[SourceTitle "EXT 2006"]
[Source "ChessBase"]
[SourceDate "2005.11.24"]
[SourceVersion "1"]
[SourceVersionDate "2005.11.24"]
[SourceQuality "1"]

1. d4 d5 2. Nf3 Nc6 3. c4 e5 4. cxd5 Qxd5 5. Nc3 Bb4 6. Bd2 Bxc3 7. Bxc3 e4 8. Ne5 Nxe5 9. dxe5 Be6 10. Qxd5 Bxd5 11. f4 Ne7 12. e3 Bc6 13. Bc4 b5 14. Bb3 Bd5 15. Bc2 a5 16. a3 0-0 17. Bd4 c5 18. Bxc5 Rfc8 19. Bxe7 Rxc2 20. 0-0 Rxb2 21. Rfd1 Bc4 22. Rd4 Re2 23. Rad1 Bd3 24. f5 h6 25. e6 fxe6 26. fxe6 Rxe3 27. Bc5 Re8 28. e7 Bc4 29. Rd8 Kf7 30. Rxe8 1-0

[Event "St Petersburg Chigorin CC-ch"]
[Site "St Petersburg"]
[Date "2005.05.18"]
[Round "3"]
[White "Nikolaev, Yury"]
[Black "Golovchenko, Gleb"]
[Result "1-0"]
[WhiteElo "2080"]
[BlackElo "2293"]
[PlyCount "81"]
[EventDate "2005.05.16"]
[EventType "swiss"]
[EventRounds "9"]
[EventCountry "RUS"]
[SourceTitle "EXT 2006"]
[Source "ChessBase"]
[SourceDate "2005.11.24"]
[SourceVersion "1"]
[SourceVersionDate "2005.11.24"]
[SourceQuality "1"]

1. Nf3 d5 2. d4 Nf6 3. c4 dxc4 4. e3 e6 5. Bxc4 a6 6. 0-0 c5 7. Bb3 Nc6 8. Nc3 cxd4 9. exd4 Be7 10. Bg5 0-0 11. Qd2 Nb4 12. Qf4 Bd7 13. Bxf6 Bxf6 14. a3 Nc6 15. d5 e5 16. Qe4 Nd4 17. Nxd4 exd4 18. Ne2 Re8 19. Qf3 Rc8 20. Rfd1 d3 21. Rxd3 Bxb2 22. Rad1 Re5 23. Ng3 Qe8 24. h3 Bxa3 25. d6 b6 26. Kh2 Bc5 27. Qf4 Re6 28. Bxe6 Qxe6 29. Ne4 h6 30. Nxc5 Rxc5 31. Re3 Qg6 32. Re7 Bc6 33. f3 Rf5 34. Qe3 Bd5 35. d7 Qd6+ 36. Kh1 Kh7 37. d8Q Qxd8 38. Re5 Rxf3 39. gxf3 Qh4 40. Rexd5 Qxh3+ 41. Kg1 1-0

[Event "Serpukhov Lushki-B"]
[Site "Serpukhov"]
[Date "2004.11.28"]
[Round "14"]
[White "Golovchenko, Gleb"]
[Black "Goltsov, Denis"]
[Result "0-1"]
[WhiteElo "2353"]
[BlackElo "2296"]
[PlyCount "70"]
[EventDate "2004.11.19"]
[EventType "tourn"]
[EventRounds "17"]
[EventCountry "RUS"]
[EventCategory "1"]
[SourceTitle "CBM 103 Extra"]
[Source "ChessBase"]
[SourceDate "2005.01.01"]
[SourceVersion "1"]
[SourceVersionDate "2005.01.01"]
[SourceQuality "1"]

1. d4 Nf6 2. c4 e6 3. Nf3 b6 4. a3 Ba6 5. e3 d5 6. b3 Bd6 7. Bd3 0-0 8. Nbd2 Nbd7 9. Bb2 c5 10. 0-0 Qe7 11. Ne5 Rac8 12. f4 Bb7 13. a4 Rfd8 14. a5 Nf8 15. Qe2 Ne4 16. axb6 axb6 17. Nxe4 dxe4 18. Bc2 f6 19. Ng4 f5 20. dxc5 Bxc5 21. Ne5 Nd7 22. Rfd1 Nxe5 23. Bxe5 Bd6 24. Bxd6 Rxd6 25. Rxd6 Qxd6 26. Rd1 Qc5 27. Qd2 b5 28. Qd4 Kf8 29. Qc3 Bd5 30. Rd4 Qa3 31. Rd1 Rxc4 32. Qd2 Rc8 33. b4 Qb2 34. Rc1 Kg8 35. Qd1 Bb3 0-1

[Event "Serpukhov Lushki-B"]
[Site "Serpukhov"]
[Date "2004.11.24"]
[Round "8"]
[White "Golovchenko, Gleb"]
[Black "Sobyanin, Viktor"]
[Result "1/2-1/2"]
[WhiteElo "2353"]
[BlackElo "2277"]
[PlyCount "71"]
[EventDate "2004.11.19"]
[EventType "tourn"]
[EventRounds "17"]
[EventCountry "RUS"]
[EventCategory "1"]
[SourceTitle "CBM 103 Extra"]
[Source "ChessBase"]
[SourceDate "2005.01.01"]
[SourceVersion "1"]
[SourceVersionDate "2005.01.01"]
[SourceQuality "1"]

1. d4 e6 2. c4 Nf6 3. Nf3 b6 4. a3 Bb7 5. Nc3 Be7 6. d5 d6 7. e4 e5 8. Be2 0-0 9. 0-0 c6 10. b4 cxd5 11. cxd5 Ba6 12. Bxa6 Nxa6 13. Qd3 Nc7 14. Be3 Ng4 15. Bd2 Qd7 16. h3 Nf6 17. Be3 Nh5 18. Nd2 g6 19. a4 f5 20. f3 Bh4 21. Rfc1 f4 22. Bf2 Bxf2+ 23. Kxf2 g5 24. Nb5 Nxb5 25. Qxb5 Qe7 26. Rc6 g4 27. fxg4 Qh4+ 28. Kg1 f3 29. gxh5 Qg5 30. Nxf3 Rxf3 31. Rf1 Qe3+ 32. Kh2 Qf4+ 33. Kg1 Qe3+ 34. Kh2 Qf4+ 35. Kg1 Qe3+ 36. Kh2 1/2-1/2

[Event "Serpukhov Lushki-B"]
[Site "Serpukhov"]
[Date "2004.11.20"]
[Round "3"]
[White "Golovchenko, Gleb"]
[Black "Papenin, Nikolai"]
[Result "1/2-1/2"]
[WhiteElo "2353"]
[BlackElo "2391"]
[PlyCount "33"]
[EventDate "2004.11.19"]
[EventType "tourn"]
[EventRounds "17"]
[EventCountry "RUS"]
[EventCategory "1"]
[SourceTitle "CBM 103 Extra"]
[Source "ChessBase"]
[SourceDate "2005.01.01"]
[SourceVersion "1"]
[SourceVersionDate "2005.01.01"]
[SourceQuality "1"]

1. d4 Nf6 2. c4 c5 3. d5 b5 4. cxb5 a6 5. bxa6 Bxa6 6. Nc3 d6 7. g3 g6 8. Bg2 Bg7 9. Nh3 Nbd7 10. 0-0 0-0 11. Rb1 Qa5 12. Bd2 Rfb8 13. b3 Ne8 14. Qc2 Qa3 15. Bc1 Qa5 16. Bd2 Qa3 17. Bc1 1/2-1/2

[Event "Chigorin Memorial 12th"]
[Site "St Petersburg"]
[Date "2004.10.22"]
[Round "7"]
[White "Golovchenko, Gleb"]
[Black "Kulakov, Viacheslav"]
[Result "1-0"]
[WhiteElo "2353"]
[BlackElo "2217"]
[PlyCount "57"]
[EventDate "2004.10.16"]
[EventType "swiss"]
[EventRounds "9"]
[EventCountry "RUS"]
[SourceTitle "EXT 2005"]
[Source "ChessBase"]
[SourceDate "2004.11.15"]
[SourceVersion "1"]
[SourceVersionDate "2004.11.15"]
[SourceQuality "1"]

1. d4 d5 2. c4 e6 3. Nc3 Nf6 4. Bg5 Be7 5. e3 Nbd7 6. Nf3 c6 7. Qc2 h6 8. Bh4 b6 9. cxd5 exd5 10. Bd3 0-0 11. h3 Re8 12. Bg3 Bb7 13. 0-0 Rc8 14. Qa4 a5 15. a3 Bf8 16. Nd2 Nb8 17. Bf5 Nbd7 18. Bh4 Be7 19. Bxf6 Bxf6 20. Nxd5 b5 21. Nxf6+ Qxf6 22. Qc2 Rcd8 23. Bxd7 Rxd7 24. Nb3 Rd5 25. Nxa5 Ba8 26. Rae1 Rg5 27. f4 Rg3 28. Qf2 Qg6 29. Kh2 1-0

[Event "Chigorin Memorial 12th"]
[Site "St Petersburg"]
[Date "2004.10.20"]
[Round "5"]
[White "Golovchenko, Gleb"]
[Black "Yemelin, Vasily"]
[Result "1/2-1/2"]
[WhiteElo "2353"]
[BlackElo "2571"]
[PlyCount "26"]
[EventDate "2004.10.16"]
[EventType "swiss"]
[EventRounds "9"]
[EventCountry "RUS"]
[SourceTitle "EXT 2005"]
[Source "ChessBase"]
[SourceDate "2004.11.15"]
[SourceVersion "1"]
[SourceVersionDate "2004.11.15"]
[SourceQuality "1"]

1. d4 Nf6 2. c4 e6 3. Nc3 Bb4 4. e3 b6 5. Nge2 Ba6 6. a3 Be7 7. Nf4 d5 8. b3 0-0 9. Bb2 Bd6 10. Bd3 Bxf4 11. exf4 Nbd7 12. 0-0 c5 13. cxd5 Bxd3 1/2-1/2

[Event "Chigorin Memorial 12th"]
[Site "St Petersburg"]
[Date "2004.10.18"]
[Round "3"]
[White "Golovchenko, Gleb"]
[Black "Vorobiov, Evgeny E"]
[Result "0-1"]
[WhiteElo "2353"]
[BlackElo "2524"]
[PlyCount "100"]
[EventDate "2004.10.16"]
[EventType "swiss"]
[EventRounds "9"]
[EventCountry "RUS"]
[SourceTitle "EXT 2005"]
[Source "ChessBase"]
[SourceDate "2004.11.15"]
[SourceVersion "1"]
[SourceVersionDate "2004.11.15"]
[SourceQuality "1"]

1. d4 Nf6 2. c4 c5 3. d5 e6 4. Nc3 exd5 5. cxd5 Bd6 6. e4 0-0 7. Bd3 Re8 8. Nge2 a6 9. a4 Bc7 10. 0-0 d6 11. Ng3 Nbd7 12. f4 c4 13. Bxc4 Nc5 14. b4 Ncxe4 15. Ncxe4 Nxe4 16. Nxe4 Rxe4 17. Bd3 Bb6+ 18. Kh1 Re8 19. Bb2 Qh4 20. f5 Bf2 21. Qd2 Bg3 22. h3 Bd7 23. Rf3 Be1 24. Qf4 Qxf4 25. Rxf4 Bg3 26. Rf3 Be5 27. Bxe5 Rxe5 28. f6 Rae8 29. fxg7 Re3 30. Raf1 Rxf3 31. Rxf3 Bxa4 32. Rf6 Re3 33. Bf5 Re5 34. g4 Rxd5 35. Rh6 Bc6 36. Kh2 Rb5 37. Kg3 Rxb4 38. Rxh7 Be4 39. Bxe4 Rxe4 40. Rh6 Rd4 41. Rh8+ Kxg7 42. Rd8 a5 43. Ra8 a4 44. Ra7 b5 45. Kh4 Rd3 46. Ra5 Rb3 47. Kg5 a3 48. h4 b4 49. h5 Rh3 50. Ra4 b3 0-1

[Event "Chigorin Memorial 12th"]
[Site "St Petersburg"]
[Date "2004.10.17"]
[Round "2"]
[White "Zakhartsov, Viacheslav V"]
[Black "Golovchenko, Gleb"]
[Result "1/2-1/2"]
[WhiteElo "2538"]
[BlackElo "2353"]
[PlyCount "102"]
[EventDate "2004.10.16"]
[EventType "swiss"]
[EventRounds "9"]
[EventCountry "RUS"]
[SourceTitle "EXT 2005"]
[Source "ChessBase"]
[SourceDate "2004.11.15"]
[SourceVersion "1"]
[SourceVersionDate "2004.11.15"]
[SourceQuality "1"]

1. d4 Nf6 2. c4 e6 3. Nc3 Bb4 4. Qc2 0-0 5. a3 Bxc3+ 6. Qxc3 b6 7. Bg5 Bb7 8. e3 d6 9. f3 Nbd7 10. Bd3 h6 11. Bh4 c5 12. Ne2 Rc8 13. Qb3 cxd4 14. exd4 d5 15. 0-0 dxc4 16. Bxc4 a6 17. a4 Rc6 18. Qd3 Qc8 19. Bb3 Nd5 20. Rac1 N7f6 21. Nc3 Nb4 22. Qd2 Nfd5 23. a5 b5 24. Ne4 Qc7 25. Bg3 Qd7 26. Nc5 Qe7 27. Rfe1 Ba8 28. f4 Qa7 29. Rf1 Qe7 30. f5 exf5 31. Rce1 Qd8 32. Rxf5 Rg6 33. Rfe5 Kh8 34. R1e2 Rg4 35. R2e4 Rxe4 36. Rxe4 Nf6 37. Re2 Nc6 38. d5 Nxa5 39. d6 Nxb3 40. Nxb3 Qd7 41. Re7 Qc6 42. Rc7 Ne4 43. Rxc6 Nxd2 44. Rc3 Ne4 45. Rc7 Rd8 46. Nc5 Nxc5 47. Rxc5 Be4 48. Rc7 Bd5 49. b4 Kh7 50. Kf2 Kg6 51. Rc5 Be4 1/2-1/2

[Event "Oberwart op"]
[Site "Oberwart"]
[Date "2004.07.12"]
[Round "3"]
[White "Mrsic, Robert"]
[Black "Golovchenko, Gleb"]
[Result "0-1"]
[WhiteElo "2072"]
[BlackElo "2356"]
[PlyCount "90"]
[EventDate "2004.07.10"]
[EventType "swiss"]
[EventRounds "9"]
[EventCountry "AUT"]
[SourceTitle "CBM 103 Extra"]
[Source "ChessBase"]
[SourceDate "2005.01.01"]
[SourceVersion "1"]
[SourceVersionDate "2005.01.01"]
[SourceQuality "1"]

1. e4 c5 2. Nf3 Nc6 3. Bb5 g6 4. Bxc6 bxc6 5. d4 Bg7 6. 0-0 cxd4 7. Nxd4 Nh6 8. Nc3 0-0 9. Be3 Qc7 10. f3 f5 11. Qd2 f4 12. Bf2 Nf7 13. Nce2 Ba6 14. c3 Ne5 15. b3 c5 16. Nc2 g5 17. Rab1 g4 18. Bh4 gxf3 19. gxf3 Ng6 20. Bf2 Qe5 21. c4 d6 22. Qd5+ Qxd5 23. exd5 Bc8 24. Kg2 Bf5 25. Na3 Bxb1 26. Nxb1 Rf5 27. Be1 Kf7 28. Bc3 Rg8 29. Kf2 Bxc3 30. Nbxc3 Ne5 31. Rg1 Rxg1 32. Nxg1 Rh5 33. Kg2 Kf6 34. Ne4+ Kf5 35. Ne2 a6 36. N2c3 Rh6 37. Na4 Rxh2+ 38. Kxh2 Nxf3+ 39. Kg2 Kxe4 40. Nc3+ Kd3 41. Kxf3 Kxc3 42. Kxf4 Kb2 43. Kf5 Kxa2 44. Ke6 h5 45. Kxe7 h4 0-1

[Event "RUS-ch U20"]
[Site "Samara"]
[Date "2004.03.12"]
[Round "11"]
[White "Golovchenko, Gleb"]
[Black "Kadatsky, Alexander"]
[Result "1-0"]
[WhiteElo "2335"]
[BlackElo "2330"]
[PlyCount "29"]
[EventDate "2004.03.??"]
[EventType "swiss"]
[EventRounds "11"]
[EventCountry "RUS"]
[SourceTitle "EXT 2005"]
[Source "ChessBase"]
[SourceDate "2004.11.15"]
[SourceVersion "1"]
[SourceVersionDate "2004.11.15"]
[SourceQuality "1"]

1. e4 d5 2. exd5 Nf6 3. Nf3 Nxd5 4. d4 g6 5. c4 Nb6 6. Nc3 Bg7 7. c5 Nd5 8. Bc4 c6 9. 0-0 0-0 10. Re1 h6 11. Qe2 Re8 12. Ne5 Nd7 13. Nxf7 Kxf7 14. Nxd5 cxd5 15. Qe6+ 1-0

[Event "RUS-ch U20"]
[Site "Samara"]
[Date "2004.03.07"]
[Round "6"]
[White "Evdokimov, Alexander A"]
[Black "Golovchenko, Gleb"]
[Result "1-0"]
[WhiteElo "2481"]
[BlackElo "2335"]
[PlyCount "70"]
[EventDate "2004.03.??"]
[EventType "swiss"]
[EventRounds "11"]
[EventCountry "RUS"]
[SourceTitle "EXT 2005"]
[Source "ChessBase"]
[SourceDate "2004.11.15"]
[SourceVersion "1"]
[SourceVersionDate "2004.11.15"]
[SourceQuality "1"]

1. d4 Nf6 2. c4 e6 3. g3 d5 4. Bg2 Be7 5. Nf3 0-0 6. 0-0 c6 7. Qc2 Nbd7 8. b3 b5 9. c5 Ne4 10. Bb2 a5 11. Ne1 f5 12. f3 Nef6 13. Nd3 Kh8 14. Nd2 Rg8 15. e4 Nf8 16. Ne5 Qe8 17. Bh3 fxe4 18. fxe4 Ng6 19. Nef3 Rf8 20. Rae1 Ra7 21. Ng5 e5 22. Bxc8 Qxc8 23. dxe5 Ng4 24. Ngf3 d4 25. Bxd4 Qe6 26. Qc3 Rd8 27. a4 b4 28. Qb2 Rad7 29. Kh1 N6xe5 30. Bxe5 Rxd2 31. Bxg7+ Kg8 32. Nxd2 Rxd2 33. Qxd2 Kxg7 34. Qd4+ Bf6 35. Qd6 Qxb3 1-0

[Event "Oberwart op"]
[Site "Oberwart"]
[Date "2004.??.??"]
[Round "?"]
[White "Jankovic, Alojzije"]
[Black "Golovchenko, Gleb"]
[Result "1/2-1/2"]
[WhiteElo "2440"]
[BlackElo "2355"]
[PlyCount "69"]
[EventDate "2004.07.10"]
[EventType "swiss"]
[EventRounds "9"]
[EventCountry "AUT"]
[SourceTitle "CBM 103 Extra"]
[Source "ChessBase"]
[SourceDate "2005.01.01"]
[SourceVersion "1"]
[SourceVersionDate "2005.01.01"]
[SourceQuality "1"]

1. d4 d5 2. c4 dxc4 3. e3 e6 4. Bxc4 Nf6 5. Nf3 c5 6. 0-0 a6 7. Bb3 Nc6 8. Qe2 cxd4 9. Rd1 Be7 10. exd4 0-0 11. Nc3 Bd7 12. Ne5 Be8 13. Be3 Nb4 14. Bg5 Nfd5 15. Bxe7 Qxe7 16. a3 Nxc3 17. bxc3 Nc6 18. Nxc6 Bxc6 19. d5 Bd7 20. d6 Qf6 21. Qe3 Rac8 22. Rac1 b5 23. Rd3 Rc6 24. Bd1 e5 25. Qf3 Qh6 26. Qe3 Qxe3 27. fxe3 Bf5 28. Rd5 Be6 29. Rxe5 Rxd6 30. Re4 Rd3 31. a4 Rc8 32. axb5 axb5 33. Be2 Rdxc3 34. Rxc3 Rxc3 35. Bxb5 1/2-1/2